Les 50 arrivées les plus chers de l'histoire du Real Madrid - Statistiques

Statistiques générales
  • Ce quiz a été pris 358 fois
  • Le résultat moyen est 30 sur 50
Statistiques - réponses
Nationalité Provenance Prix Joueur % Correct
Portugal Manchester United 94M Cristiano Ronaldo
98%
Belgique Chelsea 115M Eden Hazard
98%
Brésil Inter Milan 45M Ronaldo Nazario
98%
Pays de Galles Tottenham 101M Gareth Bale
97%
Angleterre Borussia Dortmund 103M Jude Bellingham
97%
Croatie Tottenham 35M Luka Modric
95%
France Juventus 77.5M Zinédine Zidane
93%
France AS Monaco 80M Aurélien Tchouaméni
92%
Colombie AS Monaco 75M James Rodriguez
91%
France Olympique Lyonnais 35M Karim Benzema
91%
Brésil Flamengo 45M Vinicius Junior
91%
Belgique Chelsea 35M Thibault Courtois
87%
Portugal FC Barcelone 60M Luis Figo
85%
Brésil AC Milan 67M Kaka
84%
Brésil Santos 45M Rodrygo
84%
Allemagne Bayern Munich 25M Toni Kroos
83%
France Stade Rennais 31M Eduardo Camavinga
81%
France Olympique Lyonnais 48M Ferland Mendy
81%
Argentine Benfica 33M Angel Di Maria
79%
Serbie Eintracht Francfort 63M Luka Jovic
75%
Angleterre Manchester United 37.5M David Beckham
72%
Brésil FC Porto 50M Eder Militao
69%
Espagne FC Séville 27M Sergio Ramos
69%
Pays-Bas Chelsea 35M Arjen Robben
68%
Croatie Inter Milan 38M Mateo Kovacic
66%
Portugal FC Porto 30M Pepe
65%
République Dominicaine Olympique Lyonnais 21.5M Mariano Diaz
62%
Espagne Malaga CF 30M Isco
56%
Espagne Liverpool 34.5M Xabi Alonso
56%
France FC Portsmouth 20M Lassana Diarra
52%
Espagne Juventus Turin 30M Alvaro Morata
51%
Mali Olympique Lyonnais 26M Mahamadou Diarra
50%
Allemagne Werder Breme 18M Mesut Ozil
50%
Brésil Palmeiras 35M Endrick
43%
France Arsenal 35M Nicolas Anelka
41%
France Atlético Madrid 24M Théo Hernandez
40%
Portugal Benfica 30M Fabio Coentrao
38%
Espagne Real Sociedad 32M Asier Illarramendi
33%
Pays-Bas Ajax 27M Wesley Sneijder
32%
Brésil Santos 24M Robinho
31%
Brésil FC Porto 31.5M Danilo
28%
Pays-Bas Ajax 27M Klaas-Jan Huntelaar
20%
Espagne Real Sociedad 32M Alvaro Odriozola
19%
Brésil Flamengo 30M Reinier
19%
Argentine Boca Juniors 20.5M Fernando Gago
16%
Angleterre Newcastle 18.3M Jonathan Woodgate
7%
Brésil FC Séville 20M Julio Baptista
7%
Argentine AS Roma 25M Walter Samuel
6%
Brésil Deportivo La Corogne 25M Flavio Conceiçao
3%
Bosnie-Herzégovine Fenerbahçe 21M Elvir Baljic
1%
Aucun quiz correspondant
Distribution des résultats
% des personnes avec chaque résultat
Percentile par nombre de réponses
Votre historique - résultats
Vous n’avez pas pris ce quiz